[Event "Teplice Open 2017"]
[Site "Teplice"]
[Date "2017.06.12"]
[Round "3"]
[White "Rausis, Igors"]
[Black "Sylvan, Jacob"]
[Result "1-0"]
[WhiteElo "2614"]
[BlackElo "2373"]
[Annotator "TA"]
[PlyCount "61"]
[EventDate "2017.??.??"]
[EventCountry "CZE"]
[SourceTitle "playchess.com"]
[Source "ChessBase"]
[SourceQuality "1"]

{[%evp 14,61,17,12,22,31,38,24,23,26,34,34,54,46,47,55,69,62,67,49,60,37,49,37,61,47,47,31,48,43,45,46,47,63,62,57,75,68,114,89,85,96,220,211,809,808,773,684,805,809]} 1. Nf3 Nf6 2. d4 g6 3. g3 Bg7 4. Bg2 O-O 5. O-O d6 6. Nc3 Nbd7 7. e4 e5 8. a4 exd4 {B07: Pirc Defence: Miscellaneous Systems} 9. Nxd4 a6 10. Bg5 $146 ({Predecessor:} 10. h3 Re8 11. Re1 Rb8 12. Bf4 {½-½ (35) Vitiugov,N (2726)-Mamedov,R (2688) Doha 2016}) 10... h6 {White has an edge.} 11. Be3 Ne5 12. b3 Bd7 13. f3 Nc6 14. Qd2 Kh7 15. Rad1 Qe7 16. Nde2 {[%cal Bd4e2,Be2f4,Bf4d3][%mdl 32]} Rae8 17. Nf4 Qd8 18. Rfe1 Ne5 19. Re2 Bc8 20. Rde1 g5 21. Nd3 Ng6 22. Bf2 Nd7 23. Nd5 {[%cal Bc3d5,Bd5e3,Be3g4][%mdl 32]} Nde5 24. Nxe5 Nxe5 25. Bd4 c6 26. Ne3 Qf6 27. Kh1 Qg6 (27... h5 $16 {was necessary.}) 28. f4 $18 {[%cal Bf3f4,Bf4f5][%mdl 32]} Ng4 $2 {[#]} (28... gxf4 29. gxf4 c5) 29. f5 {White is clearly winning.} Qh5 30. Bf3 Bxd4 31. Nxg4 {Precision: White = 61%, Black = 39%.} 1-0

[Event "Teplice Open 2017"]
[Site "Teplice"]
[Date "2017.06.12"]
[Round "3"]
[White "Turov, Maxim"]
[Black "Soysal, Serkan"]
[Result "1-0"]
[WhiteElo "2595"]
[BlackElo "2370"]
[Annotator "TA"]
[PlyCount "117"]
[EventDate "2017.??.??"]
[EventCountry "CZE"]
[SourceTitle "playchess.com"]
[Source "ChessBase"]
[SourceQuality "1"]

{[%evp 21,117,8,10,0,52,42,66,57,79,52,72,68,82,39,59,18,24,17,29,21,32,32,45,8,0,0,78,76,101,104,106,97,97,97,97,98,96,98,181,170,153,92,343,366,338,85,69,67,58,18,37,40,45,36,36,36,36,36,36,36,36,39,42,29,33,18,14,0,8,0,45,8,8,9,41,48,152,102,152,147,170,107,142,115,278,251,287,259,464,183,259,251,568,530,29985,29986,29986,29987]} 1. Nf3 d5 2. g3 g6 3. Bg2 Bg7 4. O-O Nf6 5. d4 O-O 6. c4 c6 7. Qb3 Qb6 8. Nc3 Rd8 9. h3 {D78: Fianchetto Grünfeld: 6 0-0 c6} (9. Bd2 Be6 10. Na4 Qxb3 11. axb3 Nbd7 12. Rfc1 Ne4 13. Ba5 b6 14. Be1 Rac8 15. cxd5 Bxd5 16. b4 e5 17. Nxe5 Nxe5 18. dxe5 Bxe5 19. Bxe4 Bxe4 {½-½ (43) Giri,A (2773)-So,W (2808) Wijk aan Zee 2017}) 9... Be6 10. c5 Qxb3 11. axb3 Na6 {LiveBook: 4 Games} 12. Bf4 Ne8 $146 (12... Nd7 $11) ({Predecessor:} 12... Nh5 13. Bg5 f6 14. Bd2 g5 15. Ne1 Bf7 16. Nd3 h6 {½-½ (44) Ivanisevic,I (2650)-Tadic,B (2464) Niksic 2016}) 13. g4 $14 Nac7 14. e3 a6 15. Na4 Nb5 16. Nb6 Ra7 17. Be5 Nf6 18. Bh2 Nd7 19. Na4 f6 20. Rfc1 Raa8 21. Bf1 Rac8 22. Bxb5 cxb5 23. Nb6 Rc6 (23... Nxb6 $11 {keeps the balance.} 24. cxb6 Rxc1+ 25. Rxc1 Rc8) 24. Ne1 $1 $16 Nxb6 25. cxb6 Rxc1 26. Rxc1 Rc8 27. Bc7 $1 Bf8 28. Nd3 {Hoping for Nc5.} Re8 29. Nb4 Ra8 (29... h5 $16 {might work better.}) 30. Bg3 $18 a5 {[#]} 31. Nd3 (31. Nc6 $142 $1 {[%mdl 512]}) 31... Rc8 $2 {[%mdl 8192] [#]} (31... Ra6 $16) 32. Nc5 $1 Rc6 {[#]} 33. Ra1 $2 (33. Bc7 $1 $18 {is the precise move to win.}) 33... Rxb6 $16 34. Rxa5 {And now Bc7 would win.} Bc8 $1 35. b4 Kf7 36. Kg2 g5 37. Bb8 Rc6 38. Rxb5 b6 39. Na4 {Ba7 is the strong threat.} Ba6 40. Rxb6 (40. Rxd5 $2 Bb7 $17) 40... Rxb6 41. Nxb6 $14 {[%mdl 4096] Endgame KBB-KBN} e6 42. f4 gxf4 43. exf4 Bxb4 44. Kf3 Ke7 45. Na4 Bb5 46. Nc5 (46. Nc3 $5 {[%cal Rc3b5]} Bc4 47. Ba7 $14) 46... Be1 47. Ke3 Bf1 48. Nd3 Ba5 (48... Bg3 $14) 49. h4 {[%cal Bh3h4,Bh4h5][%mdl 32]} Bh3 50. b4 Bb6 51. Nf2 (51. g5 $18) 51... Bg2 52. g5 fxg5 $2 (52... Kf7 $16) 53. fxg5 $18 ({Less strong is} 53. hxg5 Kd7 $14) 53... Bf1 54. h5 Kf7 $2 (54... Bd8 55. Kf4 Kf8 56. Bd6+ Kg7 57. Be5+ Kf7) 55. Bd6 $2 (55. Ng4) 55... Bd8 (55... e5 $142) 56. Kf4 Be2 $2 (56... Bb5 57. Ng4 Be8) 57. Ng4 Kg8 58. Nh6+ Kg7 59. Be5+ {Precision: White = 58%, Black = 38%.} 1-0

[Event "Teplice Open 2017"]
[Site "Teplice"]
[Date "2017.06.12"]
[Round "3"]
[White "Vorobiov, Evgeny E"]
[Black "Carstensen, Jacob"]
[Result "1-0"]
[WhiteElo "2591"]
[BlackElo "2356"]
[Annotator "TA"]
[PlyCount "91"]
[EventDate "2017.??.??"]
[EventCountry "CZE"]
[SourceTitle "playchess.com"]
[Source "ChessBase"]
[SourceQuality "1"]

{[%evp 15,91,14,22,19,41,18,14,17,10,12,20,13,14,10,39,-1,0,-10,23,0,0,0,0,0,27,14,22,15,23,17,14,18,31,27,31,9,56,40,88,69,69,69,69,69,94,76,88,81,100,100,145,146,190,178,272,237,285,264,257,171,173,127,166,157,242,235,397,311,304,295,671,657,658,656,627,600,530,528]} 1. Nf3 d5 2. g3 Nf6 3. Bg2 g6 4. c4 c6 5. b3 Bg7 6. Bb2 O-O 7. O-O Re8 8. d4 Bf5 9. Nc3 {D78: Fianchetto Grünfeld: 6 0-0 c6} Ne4 10. e3 Nxc3 (10... Nd7 11. Qe2 Qa5 12. Rac1 Nxc3 13. Bxc3 Qa6 14. Rfe1 dxc4 15. Qxc4 Qxc4 16. bxc4 {½-½ (30) Bu,X (2681)-Li,C (2619) Xinghua 2010}) 11. Bxc3 {The position is equal.} Be4 12. Qe2 Nd7 13. Rac1 dxc4 $146 ({Predecessor:} 13... Nf8 14. Rfd1 Qb6 15. Bf1 Rac8 16. Bh3 Bf5 {½-½ (16) Goksel,D (2189)-Kilicaslan,H (2281) Istanbul 2006}) 14. bxc4 e5 15. Rfd1 exd4 16. Bxd4 Bxf3 17. Bxf3 {And now Bxg7 would win.} Bxd4 18. Rxd4 Qe7 19. Rcd1 Rad8 20. Qd2 $36 {[%cal Rd4d7][%mdl 2048] Black is under pressure.} Ne5 21. Be2 {[%cal Rd4d8]} Rxd4 $1 22. exd4 Nd7 23. Bf3 Qa3 24. Kg2 Nb6 25. c5 Nd5 (25... Nc4 $5 {[%cal Rc4d2]} 26. Qc2 Re3 $11) 26. Rb1 b6 27. Bxd5 (27. Rc1 {with more complications.} Qa4 28. Bxd5 cxd5 29. c6 Rc8 30. c7) 27... cxd5 28. cxb6 axb6 29. Rxb6 $16 {[%mdl 4096] Endgame KQR-KQR} Qa7 30. Rb3 Kg7 31. a3 Re4 32. Rd3 Qa6 33. Re3 Rxe3 34. Qxe3 {KQ-KQ} ({Weaker is} 34. fxe3 Qxa3 35. Qf2 h5 $11) 34... Qc4 (34... h5 $142 35. Qe5+ Kg8 36. Qxd5 Qxa3) 35. h4 $18 h5 36. Qd2 Qb3 37. Qc1 Qd3 38. Qa1 Qe4+ 39. Kg1 g5 {[#]} (39... Qg4 $16 {is a better defense.} 40. Qc3 Qe4) 40. Qc1 $1 ({Resist} 40. hxg5 $6 h4 $16) 40... g4 $2 (40... f6 {might work better.} 41. hxg5 Qxd4) 41. Qg5+ Kf8 42. Qh6+ ({Don't play} 42. Qxh5 $6 Qxd4 43. Qh6+ Kg8 $18) 42... Kg8 $2 (42... Ke7 43. Qxh5 Qe1+ 44. Kg2 Qe4+ 45. Kh2 Qxd4) 43. Qe3 {Black must now prevent Qxe4.White is clearly winning.} Qb1+ 44. Kg2 Kf8 45. Qh6+ Ke8 {intending ...Qe4+.} 46. Qc6+ {Precision: White = 60%, Black = 40%.} 1-0

[Event "Teplice Open 2017"]
[Site "Teplice"]
[Date "2017.06.12"]
[Round "3"]
[White "Babula, Vlastimil"]
[Black "Cap, Adam"]
[Result "1-0"]
[WhiteElo "2552"]
[BlackElo "2270"]
[Annotator "TA"]
[PlyCount "51"]
[EventDate "2017.??.??"]
[EventCountry "CZE"]
[SourceTitle "playchess.com"]
[Source "ChessBase"]
[SourceQuality "1"]

{[%evp 22,51,68,49,60,62,125,87,138,93,85,84,154,114,146,107,217,200,391,400,475,487,478,468,577,664,661,629,641,587,1000,1031]} 1. d4 Nf6 2. c4 g6 3. Nc3 Bg7 4. e4 d6 5. Nf3 O-O 6. Be2 e5 7. Be3 Nc6 8. d5 Ne7 9. Nd2 Nd7 10. b4 f5 11. f3 a5 {E92: King's Indian: Classical: 6 Be2 e5: 7 dxe5, 7 Be3 and Petrosian System without 7...Nbd7} (11... Nf6 12. c5 Nh5 13. g3 Nf4 14. Bf1 fxe4 15. fxe4 h5 16. Nc4 Bg4 17. Qd2 Nh3 18. Be2 Kh7 19. Bxg4 hxg4 20. O-O-O {1-0 (39) Del Rio de Angelis,S (2556)-Perez Mitjans,O (2442) Atarrabia 2016}) 12. bxa5 {LiveBook: 3 Games} fxe4 13. fxe4 c6 $146 (13... Rxa5 $14 14. a4 Kh8) ({Predecessor:} 13... Rxa5 14. Nb3 Ra8 15. a4 Kh8 16. Bf3 Ng8 17. O-O Bh6 18. Bf2 Ndf6 19. c5 {1-0 (42) Piasetski,L (2290)-Chen,H (2357) Victoria 2012}) 14. Nb3 $16 Kh8 (14... cxd5 $142 15. cxd5 b6) 15. Bf3 cxd5 16. cxd5 Ng8 (16... b6 $142) 17. O-O Bh6 18. Qd2 Bf4 (18... Bxe3+ $16 19. Qxe3 b6) 19. Nb5 $18 Nc5 $2 {[#]} (19... Bxe3+ {keeps fighting.} 20. Qxe3 Ndf6) 20. Bxf4 Rxf4 21. Nxc5 {White is clearly winning.} dxc5 22. Qc3 Qg5 23. Nc7 Rb8 24. Rab1 Qe7 25. Ne6 Bxe6 26. Qxe5+ {Precision: White = 71%, Black = 20%.} ({Less strong is} 26. dxe6 Qxe6 27. Qxc5 Rff8 $18) 1-0

[Event "Teplice Open 2017"]
[Site "Teplice"]
[Date "2017.06.12"]
[Round "3"]
[White "Zakhartsov, Viacheslav V"]
[Black "Fries-Nielsen, Jens Ove"]
[Result "1/2-1/2"]
[WhiteElo "2544"]
[BlackElo "2353"]
[Annotator "TA"]
[PlyCount "60"]
[EventDate "2017.??.??"]
[EventCountry "CZE"]
[SourceTitle "playchess.com"]
[Source "ChessBase"]
[SourceQuality "1"]

{[%evp 12,60,75,68,77,36,67,67,71,65,86,80,105,97,172,164,162,159,145,140,192,161,366,117,117,117,112,115,115,120,114,117,200,108,157,113,106,108,158,150,148,100,105,57,89,87,94,106,66,68,58]} 1. d4 d6 2. Nf3 f5 3. Nc3 Nf6 4. Bg5 Nbd7 5. Qd3 e6 (5... g6 6. h3 Bg7 7. g4 Nb6 8. O-O-O O-O 9. Bxf6 exf6 10. Rg1 d5 11. e3 c6 12. g5 Nc4 13. h4 {1-0 (44) Cordova,E (2655)-Fedoseev,V (2658) Saint Louis 2017}) 6. e4 {A80: Dutch Defence: Unusual White second moves} fxe4 7. Nxe4 {LiveBook: 6 Games} Be7 8. h4 {White is better.} Nxe4 9. Qxe4 Nf6 10. Bxf6 Bxf6 11. O-O-O d5 12. Qe3 $1 c5 $146 (12... Bd7 $16) ({Predecessor:} 12... Bd7 13. g4 {0-1 (25) Panelo Munoz,M (2372)-Sai Agni,J (2115) Sitges 2016}) 13. dxc5 $18 Qa5 14. a3 O-O 15. Ng5 h6 (15... b6 $16) 16. f4 ({Don't take} 16. Nxe6 $2 Re8 $19) 16... b6 $2 (16... Qc7) 17. Nxe6 $2 (17. Qd3 $18 {[%csl Gg5][%cal Rd3h7]} Bxg5 18. hxg5 Qxc5 19. gxh6) 17... Re8 $16 18. f5 Bxe6 19. fxe6 bxc5 20. Rxd5 {And now Bc4 would win.} Qb6 21. Qb3 {Strongly threatening Bc4.} Qc7 {[#]} (21... Qxe6 $16 22. Rxc5 Qxb3 23. cxb3 Re1+ 24. Kd2 Re4) 22. Qc4 ({White should try} 22. Bb5 $1 $18) 22... Rab8 23. c3 Qb6 24. Rd2 {Threatens to win with Bd3.} Rxe6 25. Bd3 $36 {[%mdl 2048] White is on the roll.} Kh8 26. Bb1 Re3 27. Ba2 Qa5 {[%cal Rf6c3] [#] White must now prevent ...Bxc3.} 28. Rc2 $1 Rbe8 29. Kb1 R3e4 30. Qf7 Qd8 {Precision: White = 54%, Black = 44%.} 1/2-1/2

[Event "Teplice Open 2017"]
[Site "Teplice"]
[Date "2017.06.12"]
[Round "3"]
[White "Hirneise, Tobias"]
[Black "Serrano Salvador, Eduardo"]
[Result "1/2-1/2"]
[WhiteElo "2466"]
[BlackElo "2326"]
[Annotator "TA"]
[PlyCount "85"]
[EventDate "2017.??.??"]
[EventCountry "CZE"]
[SourceTitle "playchess.com"]
[Source "ChessBase"]
[SourceQuality "1"]

{[%evp 21,85,0,7,4,20,15,18,20,31,32,50,44,43,45,41,41,39,14,20,20,19,9,12,7,16,14,24,0,21,14,13,6,8,14,8,0,1,0,0,0,0,0,0,0,0,-37,-31,-31,-39,-50,-54,-45,0,-8,0,-48,0,-82,0,0,0,0,0,0,0,0]} 1. d4 d5 2. c4 c6 3. Nf3 Nf6 4. Nc3 e6 5. e3 Nbd7 6. Qc2 Bd6 7. b3 O-O 8. Be2 b6 9. O-O Bb7 10. Bb2 Qe7 11. Rfd1 Rfe8 12. Rac1 {D45: Semi-Slav: 5 e3} Rad8 13. Bf1 a6 14. g3 h6 15. Bg2 Rc8 16. e4 Nxe4 17. Nxe4 dxe4 18. Qxe4 Nf6 19. Qc2 c5 20. d5 exd5 {[#] aiming for ...d4.} 21. Re1 $146 ({Predecessor:} 21. cxd5 Qd8 22. Qf5 Re2 23. Nd2 Ne8 24. Be4 g6 25. Qf3 {1-0 (25) Buhmann,R (2591)-Baldauf,M (2373) Austria 2010}) 21... Qd7 {Strongly threatening ...d4.} 22. Bxf6 gxf6 23. cxd5 Bxd5 24. Qd2 Bxf3 25. Bxf3 Kg7 26. Qd5 Re5 27. Qd3 b5 28. Rxe5 fxe5 29. Be4 Rd8 30. Bf5 Qe7 31. Qe4 Qf6 32. Rc3 Be7 33. Rf3 (33. Bd7 $5) 33... Rd4 34. Qb7 Qd6 35. Bc8 e4 36. Rf4 Rd1+ 37. Kg2 Qd3 {[%csl Gd1][%cal Rd3f1]} 38. Qxe4 (38. Kh3 $5 {[%cal Rb7e7]} Qf1+ 39. Kg4 Qe2+ 40. Kh3 $11) 38... Qf1+ 39. Kf3 {[#]} Re1 {[#]} ({Black should try} 39... Bf6 $1 $17 {And now ...h5 would win.} 40. Qf5 Rd6) 40. Bh3 $1 $11 {[%mdl 512] The position is equal.} Qh1+ (40... Qxh3 41. Qxe1) 41. Bg2 Rxe4 42. Bxh1 Re1 43. Re4 {Precision: White = 74%, Black = 53%.} 1/2-1/2

[Event "Teplice Open 2017"]
[Site "Teplice"]
[Date "2017.06.12"]
[Round "3"]
[White "Zanan, Evgeny"]
[Black "Kirk, Ezra"]
[Result "0-1"]
[WhiteElo "2442"]
[BlackElo "2324"]
[Annotator "TA"]
[PlyCount "70"]
[EventDate "2017.??.??"]
[EventCountry "CZE"]
[SourceTitle "playchess.com"]
[Source "ChessBase"]
[SourceQuality "1"]

{[%evp 25,70,31,25,18,15,0,-44,-48,-47,-44,158,154,166,140,161,108,96,106,254,253,221,233,213,156,240,83,305,283,264,117,121,106,102,23,79,0,0,0,0,0,0,0,0,0,0,-29997,-47]} 1. d4 Nf6 2. c4 g6 3. Nc3 Bg7 4. e4 d6 5. Nf3 O-O 6. h3 e5 7. d5 a5 8. Bg5 Qe8 9. Be2 Nfd7 10. g4 Nc5 11. Rg1 Kh8 12. Qd2 Nba6 13. O-O-O {E92: King's Indian: Classical: 6 Be2 e5: 7 dxe5, 7 Be3 and Petrosian System without 7...Nbd7} Bd7 {LiveBook: 3 Games} 14. Kb1 c6 {[%cal Bc7c6,Bc6d5][%mdl 32] [#]} 15. h4 $146 (15. dxc6 $11 Bxc6 16. Qe3 (16. Qxd6 Nxe4 17. Nxe4 Bxe4+ 18. Ka1 Nb4 $15)) ({Predecessor:} 15. Bh6 cxd5 16. Bxg7+ Kxg7 17. Qxd5 Bc6 18. Qxd6 Bxe4+ 19. Kc1 Bxf3 20. Bxf3 Qe6 {½-½ (55) Jobava,B (2614)-Nataf,I (2565) Mallorca 2004}) 15... cxd5 $15 16. h5 f6 $1 {[%cal Rf6g5]} (16... Nxe4 $2 17. Nxe4 dxe4 18. h6 $18) 17. Be3 gxh5 $2 (17... d4 $15 {keeps the upper hand.} 18. h6 dxc3 19. hxg7+ Kxg7 20. Bh6+ Kh8 21. Qxc3 Rf7) 18. gxh5 $16 {[%cal Bg4h5,Bh5h6][%mdl 32]} Rf7 (18... d4 $2 19. h6 $18) 19. h6 (19. cxd5 $6 b5 $11) (19. Qxd5 Bc6 $15) 19... Bf8 20. Nxd5 ({Weaker is} 20. cxd5 b5 $11) (20. exd5 $18 Bf5+ 21. Ka1) 20... Nxe4 21. Qc2 (21. Qxa5 $2 Nac5 $19) 21... Nec5 (21... f5 $16) 22. Nh4 Nb4 23. Nxb4 axb4 24. Bxc5 dxc5 {[#]} (24... b3 $16 {keeps fighting.} 25. axb3 (25. Qxb3 dxc5 26. Bh5 Ba4 $16) 25... dxc5) 25. Bh5 $2 (25. Ng6+ $1 $18 {[%mdl 512] is the precise move to win.} hxg6 26. Qxg6) 25... Bxh6 $2 (25... Be6 $16 {was necessary.}) 26. Nf5 $1 $18 {[%cal Rf5h6]} Bf8 27. Bxf7 (27. Rg3 $1 $18 {and the rest is easy.} Bxf5 28. Qxf5) 27... Qxf7 $16 28. Rg3 $40 {[%mdl 128] White has strong attack.} b5 {[#]} 29. Rdg1 (29. Qe4 $1 $16 Rc8 30. Rdg1) 29... Be6 ({Wrong is} 29... Qxc4 $2 30. Qxc4 Bxf5+ 31. Ka1 $18) (29... bxc4 $11 30. Rg8+ Qxg8 31. Rxg8+ Kxg8) 30. Ng7 (30. Rg8+ $16 Qxg8 31. Rxg8+ Kxg8 32. Qe4) 30... Bxg7 31. Rxg7 {[%csl Gg7][%cal Rc2h7]} Qh5 $1 {And now ...Bf5 would win.} 32. Qd2 $1 bxc4 {...c3 is the strong threat.} 33. Qd6 Qf5+ 34. Ka1 c3 {[%csl Ge6][%cal Ra8a2] [#]} (34... b3 $5 35. Ra7 $8 Rg8 $11) 35. b3 $2 {[%mdl 8192] [#]} (35. Rxh7+ $1 $11 {[%mdl 512]} Qxh7 36. Qxe6 cxb2+ 37. Kxb2) 35... Rxa2+ $1 {[%mdl 512] Precision: White = 38%, Black = 49%.} 0-1

[Event "Teplice Open 2017"]
[Site "Teplice"]
[Date "2017.06.12"]
[Round "3"]
[White "Dobrowolski, Piotr"]
[Black "Grela, Kacper"]
[Result "0-1"]
[WhiteElo "2421"]
[BlackElo "2310"]
[Annotator "TA"]
[PlyCount "76"]
[EventDate "2017.??.??"]
[EventCountry "CZE"]
[SourceTitle "playchess.com"]
[Source "ChessBase"]
[SourceQuality "1"]

{[%evp 18,76,70,68,69,67,58,31,50,60,213,210,212,191,244,268,257,261,272,192,188,197,202,175,136,-201,-216,-310,-282,-531,-532,-483,-475,-584,-573,-531,-585,-579,-519,-585,-578,-584,-585,-585,-563,-531,-531,-564,-544,-626,-621,-875,-840,-2797,-2447,-5064,-4916,-3148,-2847,-3465,-3410]} 1. d4 Nf6 2. Nf3 e6 3. c4 c5 4. e3 cxd4 5. exd4 d5 6. Nc3 Nc6 7. c5 Be7 8. Bb5 O-O 9. O-O Qc7 {B14: Caro-Kann: Panov-Botvinnik Attack with 5...e6 and 5...g6} (9... Bd7 10. Bf4 Ne4 11. Qd3 b6 12. Bxc6 Bxc6 13. Ne5 Qe8 14. Nxc6 Qxc6 15. b4 bxc5 16. bxc5 Nxc3 17. Qxc3 Bf6 {0-1 (53) Guseinov,G (2609)-Sanikidze,T (2566) Dubai 2010}) 10. Re1 {LiveBook: 3 Games} Bd7 11. Rb1 a5 $146 {White is slightly better.} ({Predecessor:} 11... b6 12. b4 bxc5 13. bxc5 Ne8 14. g3 Bf6 15. Bf4 Qc8 16. Qd2 {1-0 (27) Rjabzev,K (2316)-Aleksandrov,L Togliatti 2000}) 12. Na4 Rad8 13. g3 {aiming for Bf4.} b6 $2 ({Black should try} 13... e5 $14) 14. Bf4 $18 ({Stronger than} 14. Nxb6 Nxd4 15. Nxd7 Nxf3+ 16. Qxf3 Nxd7 $11) 14... Qb7 15. cxb6 ({Not} 15. Nxb6 Nxd4 16. Nxd4 Bxb5 $14) 15... Ne4 (15... Bb4 $142) 16. Rc1 Rc8 17. Qe2 Nb4 18. a3 Bxb5 19. Qxb5 Nc6 20. Re2 {And now Rec2 would win.} g5 {[#]} 21. Rec2 $2 {[%mdl 8192]} (21. Be3 $1 $16 {is necessary to keep the advantage.}) 21... gxf4 $19 22. Rxc6 (22. Kg2 $142 Nd6 23. Qe2) 22... Nd6 23. Qc5 $2 (23. Rxc8 Nxb5 {[#]} 24. R8c7 $1 {[%mdl 512]} Nxc7 25. Rxc7 Qxc7 26. bxc7) 23... Rxc6 {Black is clearly winning.} 24. Qxc6 Rc8 25. Qxc8+ Nxc8 26. Rc7 Qb8 27. Nc5 Bxc5 28. dxc5 {[#]} Nxb6 $1 29. cxb6 Qxb6 {[%mdl 4096] Endgame KQ-KRN} 30. Rc2 fxg3 31. hxg3 Qb3 32. Ne1 d4 {[%cal Bd5d4,Bd4d3][%mdl 32]} 33. Rd2 e5 {[%cal Be6e5,Be5e4][%mdl 32]} 34. Nd3 e4 35. Nc5 Qd5 36. b4 axb4 37. axb4 d3 38. Rd1 Qc4 {Precision: White = 31%, Black = 60%.} 0-1

[Event "Teplice Open 2017"]
[Site "Teplice"]
[Date "2017.06.12"]
[Round "3"]
[White "Rosen, Eric S"]
[Black "Nabaty, Tamir"]
[Result "0-1"]
[WhiteElo "2372"]
[BlackElo "2644"]
[Annotator "TA"]
[PlyCount "142"]
[EventDate "2017.??.??"]
[EventCountry "CZE"]
[SourceTitle "playchess.com"]
[Source "ChessBase"]
[SourceQuality "1"]

{[%evp 9,142,5,10,8,9,4,7,0,16,0,0,-1,-2,0,-4,-18,25,-29,2,-30,0,-32,12,-53,-61,-52,-44,-39,-35,-75,-68,-98,-80,-79,-81,-96,-108,-121,-117,-143,-84,-95,0,0,0,0,0,-75,-66,-81,-71,-88,-87,-77,-10,-69,0,-55,-28,-29,0,-38,-39,-56,-56,-220,-218,-211,-216,-283,-276,-284,-276,-284,-272,-259,-284,-272,-250,-238,-254,-232,-209,-286,-231,-230,0,-234,-234,-195,-238,-231,-237,-237,-223,-209,-211,-298,-298,-291,-291,-274,-281,-310,-302,-295,-290,-266,-272,-614,-614,-531,-630,-29972,-29973,-29973,-29974,-29972,-29975,-29975,-29973,-29976,-29977,-29977,-29977,-29977,-29978,-29982,-29983,-29983,-29984,-29990,-29991,-29991,-29992]} 1. d4 d5 2. Bf4 c5 3. e3 Nc6 4. Nf3 Bg4 5. Nbd2 e6 6. c3 {D00: 1 d4 d5: Unusual lines} (6. h3 Bxf3 7. Nxf3 Bd6 8. dxc5 Bxf4 9. exf4 Qa5+ 10. c3 Qxc5 11. Bd3 Nf6 {½-½ (46) So,W (2812)-Kramnik,V (2808) Stavanger 2017}) 6... a6 7. Bd3 Nf6 8. O-O {The position is equal.} Be7 9. Qb1 $146 ({Predecessor:} 9. Qe2 O-O 10. Rfe1 Bd6 11. Bxd6 Qxd6 12. Qf1 b5 13. dxc5 Qxc5 {0-1 (61) Karasova,D-Gorbov,A (1955) St Petersburg 2009}) 9... Nh5 10. Ne5 Nxf4 11. exf4 Nxe5 12. dxe5 g6 13. Re1 (13. h3 $142 Bf5 14. Bxf5 gxf5 15. Rd1) 13... Bf5 (13... c4 $5 {[%cal Rc4d3]} 14. Bc2 Bc5 $11) 14. Nf1 b5 15. Ne3 {[%cal Rd3f5]} Qb6 16. a4 (16. Nxf5 $11 gxf5 17. Be2) 16... Bxd3 $15 17. Qxd3 c4 18. Qd2 b4 19. Nc2 {[%cal Rc3b4]} Rb8 20. h3 bxc3 21. bxc3 Qb2 22. Rab1 Qxb1 23. Rxb1 Rxb1+ 24. Kh2 Bc5 (24... Rb2 $142 25. Qc1 Rb7) 25. Ne3 h5 {[#]} ({Better is} 25... Rb6 $17 26. g4 O-O) 26. Nxd5 $1 $11 {[%mdl 512]} exd5 27. Qxd5 Be7 28. e6 (28. Qc6+ $11 {keeps the balance.} Kf8 29. Qc8+ Kg7 30. Qd7) 28... Re1 $1 $17 {[%cal Re1e6]} 29. exf7+ Kf8 30. Qxc4 Kg7 31. Qxa6 Rd8 (31... Kxf7 32. Qb7 $11) (31... Rf8 $17) 32. Qb5 (32. g4 $11) 32... Rdd1 (32... Rf8 $15) 33. Kg3 ({White should play} 33. a5 $11) 33... Kxf7 34. a5 Ra1 35. f5 g5 36. Qb6 Bf6 37. Qb3+ $2 ({White should try} 37. Kf3 $15) 37... Kg7 $19 38. a6 Re7 {White must now prevent ...Be5+.} 39. Qb6 Ra3 {Strongly threatening ...Be5+.} 40. Kh2 h4 41. g3 hxg3+ ({Not} 41... Rxc3 42. g4 $17) 42. Kxg3 Rxc3+ ({Worse is} 42... Bxc3 43. Qg6+ Kf8 44. Kg2 $11) 43. Kg2 Ra3 44. Qd6 Ra2 45. Qb6 Rd7 46. Kg3 Ra4 47. Kg2 Ra2 48. Kg3 $1 Rad2 49. Qb8 {[#] Hoping for a7.} R2d3+ $1 50. Kg2 {[#]} Ra3 $1 51. Qb6 Ra1 52. Kg3 Re1 53. Qc6 (53. Kg2 $142) 53... Red1 54. Qa4 R1d4 55. Qa5 {aiming for a7.} R4d5 56. Qa4 {a7 is the strong threat.} Ra7 57. Qb4 Rxf5 58. Qb6 Be5+ 59. f4 $2 {[#]} (59. Kg2 Rff7 60. Qe6) 59... Rxf4 $1 {[%mdl 512]} 60. Qc5 Bb8 {( -> ...Rf5+)} 61. Qxg5+ Kh8 {Black mates.} 62. Qh5+ Rh7 63. a7 Bd6 (63... Rxh5 64. axb8=Q+ Kg7 65. Kxf4 $18) 64. a8=Q+ Rf8+ 65. Kg4 Rxa8 66. Qd5 Ra4+ 67. Kf3 Rxh3+ 68. Kg2 Rh2+ 69. Kf3 Ra3+ 70. Kg4 Rg3+ 71. Kf5 Rh5+ {Precision: White = 38%, Black = 58%.} 0-1